01151nam a2200205 a 4500008004100000020001800041041000800059092001700067100002800084245003500112250003900147260003600186300001100222500007200233505039400305655001700699942001300716999001500729952020100744161215t2012 sp |||g |||| 001 j spa d a9788493924294 aspa c808l74sRIC1 aRichter, William.94334 aOjos negros /cWilliam Richter a1a ed.bTraducción Pedro Fontana aBarcelona:bEdiciones B;c2012. a351 p. aRichter, W. (2012). Ojos negros. (1a ed.). Barcelona : Ediciones B. aUn justiciero es aquel que busca la justicia a cualquier precio. Wally podría ser así de temeraria. Pero por ahora su vida está en peligro. Ha tenido que huir sin dejar huella. Su identidad es un misterio... Hasta que descubre una pista que podría revelar la verdad sobre su pasado. ¿Logrará Wally seguir con vida el tiempo suficiente para descubrir quién es ella en realidad? aNovela93091 2ddccLIT c3287d3287 00102ddc4070aBFMbBFMcCRd2025-07-25eDonación Navarro, Adriana. Julio 2025l0o808 74 RICp5062r2025-07-25tEj. 1w2025-07-25yLITzDonación Navarro, Adriana. Julio 2025. Sede Tordos.f